[Event "LYM - Open Maîtres"]
[Site "Lausanne - Musée Olympique"]
[Date "2001.05.24"]
[Round "5"]
[White "Jenni, Florian"]
[Black "Tukmakov, Vladimir"]
[Result "1/2-1/2"]
[WhiteElo "2471"]
[BlackElo "2604"]
[PlyCount "33"]
[EventDate "2001.??.??"]

1. e4 e6 2. d4 d5 3. Nc3 Nf6 4. Bg5 dxe4 5. Nxe4 Be7 6. Bxf6 Bxf6 7. Nf3 O-O 8.
Qd2 b6 9. O-O-O Bb7 10. Qf4 Be7 11. Bd3 Nd7 12. h4 Nf6 13. Nxf6+ Bxf6 14. Be4
Bxe4 15. Qxe4 Qd5 16. Qxd5 exd5 17. Rhe1 1/2-1/2

[Event "LYM - Open Maîtres"]
[Site "Lausanne - Musée Olympique"]
[Date "2001.05.24"]
[Round "5"]
[White "Varga, Peter"]
[Black "Bauer, Christian"]
[Result "1/2-1/2"]
[WhiteElo "2478"]
[BlackElo "2612"]
[PlyCount "28"]
[EventDate "2001.??.??"]

1. d4 b6 2. e4 Bb7 3. Bd3 Nf6 4. Qe2 Nc6 5. c3 e5 6. d5 Ne7 7. Nf3 Ng6 8. g3 c6
9. c4 Bc5 10. Nc3 Qe7 11. Be3 O-O 12. Bxc5 bxc5 13. Nd2 d6 14. h4 Rad8 1/2-1/2

[Event "LYM - Open Maîtres"]
[Site "Lausanne - Musée Olympique"]
[Date "2001.05.24"]
[Round "5"]
[White "Genov, Peter"]
[Black "Fressinet, Laurent"]
[Result "1/2-1/2"]
[WhiteElo "2447"]
[BlackElo "2575"]
[PlyCount "40"]
[EventDate "2001.??.??"]

1. d4 d5 2. c4 c6 3. Nf3 Nf6 4. Nc3 e6 5. Bg5 Nbd7 6. cxd5 exd5 7. e3 Be7 8.
Bd3 O-O 9. Qc2 Re8 10. h3 Nf8 11. Bf4 Bd6 12. Bxd6 Qxd6 13. O-O Ng6 14. Rab1 a5
15. a3 Qe7 16. Na4 Ne4 17. Nb6 Rb8 18. Nxc8 Rbxc8 19. b4 axb4 20. axb4 b5
1/2-1/2

[Event "LYM - Open Maîtres"]
[Site "Lausanne - Musée Olympique"]
[Date "2001.05.24"]
[Round "5"]
[White "Adianto, Utut"]
[Black "Prié, Eric"]
[Result "1/2-1/2"]
[WhiteElo "2589"]
[BlackElo "2500"]
[PlyCount "128"]
[EventDate "2001.??.??"]

1. d4 d5 2. c4 c6 3. Nf3 Nf6 4. e3 a6 5. Bd3 Bg4 6. Nc3 e6 7. cxd5 cxd5 8. Qb3
Nc6 9. Bd2 Bxf3 10. gxf3 Be7 11. Rc1 Na5 12. Qd1 O-O 13. O-O Rc8 14. Qe2 Nc4
15. Be1 Bd6 16. f4 g6 17. Na4 Nd7 18. b3 Na3 19. Rxc8 Qxc8 20. Bd2 Qb8 21. Rc1
Rc8 22. Qe1 b5 23. Nc3 a5 24. Kg2 Nf6 25. f3 Ne8 26. Ne2 b4 27. e4 Ng7 28.
Rxc8+ Qxc8 29. Ng3 f5 30. e5 Be7 31. Ne2 Ne8 32. Bc1 Qc7 33. Bb2 Qb6 34. Bxa3
bxa3 35. Qc1 Nc7 36. Kf2 Kf7 37. Ke3 Qb7 38. Nc3 Qc6 39. Qc2 Bb4 40. Nb1 Qxc2
41. Bxc2 Ne8 42. Bd3 Ng7 43. Bb5 Ke7 44. Bc6 Nh5 45. Bb5 Kd8 46. Bd3 Bf8 47.
Nc3 Bb4 48. Ne2 Be1 49. Bb5 h6 50. Bc6 g5 51. fxg5 hxg5 52. Bb5 f4+ 53. Kd3 Ng7
54. Ng1 Ke7 55. Nh3 Bh4 56. Ke2 Kf7 57. Bd3 Ne8 58. Nf2 Bxf2 59. Kxf2 Kg7 60.
Kg2 Kh6 61. Kh3 Kh5 62. Be2 Nc7 63. Bd3 Ne8 64. Be2 Nc7 1/2-1/2

[Event "LYM - Open Maîtres"]
[Site "Lausanne - Musée Olympique"]
[Date "2001.05.24"]
[Round "5"]
[White "Simutuve, Amon"]
[Black "Gelashvili, Tamaz"]
[Result "0-1"]
[WhiteElo "2470"]
[BlackElo "2535"]
[PlyCount "56"]
[EventDate "2001.??.??"]

1. d4 d6 2. Nf3 g6 3. g3 Bg7 4. Bg2 f5 5. d5 Nf6 6. O-O c5 7. c4 O-O 8. Nc3 Qe8
9. Rb1 h6 10. Qc2 Na6 11. a3 Bd7 12. b4 b6 13. b5 Nc7 14. Ne1 a6 15. a4 axb5
16. axb5 Ra7 17. Na4 Na8 18. f4 e6 19. Nc3 Nc7 20. e4 fxe4 21. Nxe4 exd5 22.
Nxd6 Qe7 23. Qxg6 Qxd6 24. Nf3 Ne4 25. Ne5 Qxg6 26. Nxg6 Re8 27. Bb2 Nd2 28.
Bxg7 Kxg7 0-1

[Event "LYM - Open Maîtres"]
[Site "Lausanne - Musée Olympique"]
[Date "2001.05.24"]
[Round "5"]
[White "Firman, Nazar"]
[Black "Ekstroem, Roland"]
[Result "1-0"]
[WhiteElo "2517"]
[BlackElo "2402"]
[PlyCount "77"]
[EventDate "2001.??.??"]

1. e4 c6 2. d4 d5 3. Nd2 dxe4 4. Nxe4 Bf5 5. Ng3 Bg6 6. Nf3 Nd7 7. h4 h6 8. h5
Bh7 9. Bd3 Bxd3 10. Qxd3 e6 11. Bf4 Ngf6 12. O-O-O Be7 13. Kb1 O-O 14. Ne4 Nxe4
15. Qxe4 Nf6 16. Qe2 Qd5 17. Be5 b5 18. Rd3 Rfd8 19. Rg1 Ng4 20. Bc7 Rdc8 21.
Bf4 c5 22. Ne5 Nf6 23. dxc5 Qxc5 24. Rg3 Kf8 25. Rf3 Rd8 26. g4 Rd5 27. Nd3 Qc4
28. g5 hxg5 29. Bxg5 Qe4 30. Re3 Qh7 31. h6 gxh6 32. Rh3 Ng8 33. Bxh6+ Nxh6 34.
Qd2 Qe4 35. Qxh6+ Ke8 36. Rg8+ Kd7 37. Rxa8 Bg5 38. Qh5 Kc6 39. Qf3 1-0

[Event "LYM - Open Maîtres"]
[Site "Lausanne - Musée Olympique"]
[Date "2001.05.24"]
[Round "5"]
[White "Ghaem Maghami, Eshan"]
[Black "Belotti, Bruno"]
[Result "1-0"]
[WhiteElo "2500"]
[BlackElo "2440"]
[PlyCount "59"]
[EventDate "2001.??.??"]

1. c4 g6 2. d4 Nf6 3. g3 Bg7 4. Bg2 O-O 5. Nc3 d6 6. e3 c5 7. Nge2 Nc6 8. O-O
Bd7 9. b3 a6 10. Bb2 Rb8 11. Qd2 b5 12. dxc5 dxc5 13. Rad1 Qb6 14. Nd5 Nxd5 15.
cxd5 Na5 16. Bxg7 Kxg7 17. e4 b4 18. e5 f6 19. d6 exd6 20. exf6+ Rxf6 21. Nf4
Qd8 22. Qb2 Kh6 23. Rfe1 Qf8 24. Nd5 Rf7 25. Re4 g5 26. h4 g4 27. Rde1 Nc6 28.
Re6+ Bxe6 29. Rxe6+ Kh5 30. Nf6+ 1-0

[Event "LYM - Open Maîtres"]
[Site "Lausanne - Musée Olympique"]
[Date "2001.05.25"]
[Round "6"]
[White "Fressinet, Laurent"]
[Black "Firman, Nazar"]
[Result "1/2-1/2"]
[WhiteElo "2575"]
[BlackElo "2517"]
[PlyCount "54"]
[EventDate "2001.??.??"]

1. d4 Nf6 2. Nf3 d5 3. c4 e6 4. g3 c6 5. Bg2 Bd6 6. Nbd2 O-O 7. O-O Nbd7 8. Qc2
Re8 9. b3 a5 10. Bb2 b5 11. e4 dxe4 12. Ne5 bxc4 13. Nxe4 Nxe4 14. Bxe4 Bxe5
15. dxe5 cxb3 16. axb3 g6 17. Rfd1 Bb7 18. Qd2 Nb6 19. Qh6 Nd5 20. Ra4 Qe7 21.
Ba3 Nb4 22. Bc1 Rad8 23. Rxd8 Qxd8 24. Bg5 Qd1+ 25. Kg2 Qd4 26. Bf6 Qxe4+ 27.
f3 Qc2+ 1/2-1/2

[Event "LYM - Open Maîtres"]
[Site "Lausanne - Musée Olympique"]
[Date "2001.05.25"]
[Round "6"]
[White "Gelashvili, Tamaz"]
[Black "Kostur, Pavel"]
[Result "0-1"]
[WhiteElo "2535"]
[BlackElo "2576"]
[PlyCount "90"]
[EventDate "2001.??.??"]

1. e4 c5 2. Nc3 Nc6 3. f4 g6 4. Nf3 Bg7 5. Bb5 Nd4 6. Nxd4 cxd4 7. Ne2 e6 8.
Ba4 Ne7 9. O-O O-O 10. d3 a6 11. Qe1 d6 12. Bb3 Kh8 13. Bd2 a5 14. a4 Bd7 15.
Qf2 e5 16. c3 Be6 17. Bd1 dxc3 18. Bxc3 f5 19. Qe3 fxe4 20. dxe4 Nc6 21. Bc2
Nb4 22. Bxb4 axb4 23. f5 gxf5 24. exf5 Bg8 25. Ng3 Qh4 26. Rad1 d5 27. Qe2 e4
28. Bb3 Rad8 29. Rd2 Be5 30. Rfd1 d4 31. Bxg8 Rxg8 32. Qb5 Bxg3 33. hxg3 Qxg3
34. Qxb4 e3 35. Re2 Qe5 36. Qc4 Rg4 37. Rd3 Rdg8 38. Qe6 Qxe6 39. fxe6 Re8 40.
b4 Kg7 41. a5 Rxe6 42. Kf1 Rh6 43. Re1 Rf6+ 44. Kg1 Rf2 45. Kh1 Rgxg2 0-1

[Event "LYM - Open Maîtres"]
[Site "Lausanne - Musée Olympique"]
[Date "2001.05.25"]
[Round "6"]
[White "Bauer, Christian"]
[Black "Jenni, Florian"]
[Result "1/2-1/2"]
[WhiteElo "2612"]
[BlackElo "2471"]
[PlyCount "99"]
[EventDate "2001.??.??"]

1. d4 Nf6 2. Nf3 g6 3. g3 Bg7 4. Bg2 O-O 5. O-O d6 6. a4 a5 7. c3 d5 8. Nbd2 c6
9. Re1 Bf5 10. Qb3 Qc7 11. Nh4 Be6 12. Qa3 Qd6 13. e4 dxe4 14. Nxe4 Nxe4 15.
Bxe4 Nd7 16. Qxd6 exd6 17. Bf4 d5 18. Bc2 Rfe8 19. Kg2 h6 20. Bd6 Bf8 21. Bxf8
Nxf8 22. f4 Bd7 23. Re5 f6 24. Ree1 Kf7 25. f5 g5 26. Nf3 Rxe1 27. Rxe1 Re8 28.
Rxe8 Bxe8 29. Nd2 Ke7 30. b4 axb4 31. cxb4 Nd7 32. Nb3 Kd6 33. Kf3 Kc7 34. a5
Bh5+ 35. g4 Bf7 36. Ke3 h5 37. h3 hxg4 38. hxg4 Be8 39. Bd3 b5 40. axb6+ Kxb6
41. Kd2 Kc7 42. Kc3 Nb6 43. Nc5 Kd6 44. Na6 Bd7 45. Kb3 Bc8 46. Nc5 Bd7 47. Ba6
Bc8 48. b5 Bd7 49. bxc6 Bxc6 50. Kb4 1/2-1/2

[Event "LYM - Open Maîtres"]
[Site "Lausanne - Musée Olympique"]
[Date "2001.05.25"]
[Round "6"]
[White "Cornette, Matthieu"]
[Black "Godena, Michele"]
[Result "0-1"]
[WhiteElo "2228"]
[BlackElo "2494"]
[PlyCount "36"]
[EventDate "2001.??.??"]

1. e4 e5 2. Nc3 Nf6 3. Bc4 Nc6 4. d3 Na5 5. Nge2 c6 6. a3 Nxc4 7. dxc4 d6 8. b3
Be6 9. Bb2 d5 10. cxd5 cxd5 11. exd5 Nxd5 12. Ne4 Qa5+ 13. b4 Bxb4+ 14. axb4 Qxb4+
15. N4c3 Qxb2 16. Nxd5 Bxd5 17. Rb1 Qa2 18. Rb5 O-O-O 0-1

[Event "LYM - Open Maîtres"]
[Site "Lausanne - Musée Olympique"]
[Date "2001.05.25"]
[Round "7"]
[White "Genov, Peter"]
[Black "Prié, Eric"]
[Result "1/2-1/2"]
[WhiteElo "2447"]
[BlackElo "2500"]
[PlyCount "79"]
[EventDate "2001.??.??"]

1. d4 d5 2. c4 c6 3. Nf3 Nf6 4. e3 a6 5. Bd3 Bg4 6. O-O e6 7. Nbd2 Nbd7 8. b3
Bh5 9. Bb2 Bg6 10. Qe2 Bxd3 11. Qxd3 Be7 12. e4 O-O 13. e5 Ne8 14. Rfe1 Nc7 15.
Rad1 a5 16. a3 a4 17. b4 b5 18. c5 Kh8 19. Nf1 Rg8 20. Bc1 Nf8 21. g3 Qd7 22.
Re2 Re8 23. Rde1 Bd8 24. Bg5 Bxg5 25. Nxg5 f5 26. exf6 gxf6 27. Nf3 Ng6 28. Kh1
Qg7 29. Ne3 h5 30. Ng2 Qh7 31. Nfh4 Nxh4 32. Qxh7+ Kxh7 33. Nxh4 Kg7 34. f4 Kf7
35. Kg2 Ke7 36. Nf5+ Kd7 37. Nd6 Re7 38. Kf3 Rgg7 39. Re3 f5 40. h4 1/2-1/2

[Event "LYM - Open Maîtres"]
[Site "Lausanne - Musée Olympique"]
[Date "2001.05.25"]
[Round "7"]
[White "Adianto, Utut"]
[Black "Paethz, Thomas"]
[Result "1/2-1/2"]
[WhiteElo "2589"]
[BlackElo "2445"]
[PlyCount "32"]
[EventDate "2001.??.??"]

1. d4 Nf6 2. c4 c5 3. Nf3 cxd4 4. Nxd4 e5 5. Nc2 d5 6. cxd5 Qxd5 7. Qxd5 Nxd5
8. e4 Nb4 9. Nxb4 Bxb4+ 10. Bd2 Bxd2+ 11. Nxd2 Ke7 12. Rc1 Nc6 13. Nb3 Be6 14.
Bc4 Bxc4 15. Rxc4 Rac8 16. Kd2 Nd4 1/2-1/2

[Event "LYM - Open Maîtres"]
[Site "Lausanne - Musée Olympique"]
[Date "2001.05.25"]
[Round "7"]
[White "Vladimirov, Egveny"]
[Black "Firman, Nazar"]
[Result "1-0"]
[WhiteElo "2612"]
[BlackElo "2517"]
[PlyCount "97"]
[EventDate "2001.??.??"]

1. d4 e6 2. Nf3 d5 3. c4 c6 4. Qc2 f5 5. g3 Nf6 6. Bg2 Bd6 7. O-O O-O 8. Nbd2
Nbd7 9. cxd5 cxd5 10. Ne1 f4 11. Nd3 fxg3 12. hxg3 Ng4 13. Nf3 Ndf6 14. Bf4
Bxf4 15. Nxf4 Bd7 16. Bh3 Qe8 17. Qc7 Rf7 18. Ne5 Rc8 19. Qd6 Nxe5 20. Qxe5 Ne4
21. Rac1 Nd2 22. Bxe6 Bxe6 23. Qxe6 Qxe6 24. Nxe6 Re8 25. Rfd1 Nf3+ 26. Kg2
Nh4+ 27. gxh4 Rxe6 28. Rc8+ Rf8 29. Rxf8+ Kxf8 30. e3 Rc6 31. Rd3 Ke7 32. Rc3
Rg6+ 33. Kf3 Rf6+ 34. Ke2 Kd6 35. Rc1 Rh6 36. Rg1 Rxh4 37. Rxg7 Kc6 38. Kf3 Rh1
39. Kf4 Rb1 40. Ke5 Rxb2 41. f4 Rxa2 42. f5 Rf2 43. f6 a5 44. Ke6 Rf3 45. e4
dxe4 46. d5+ Kc5 47. Rc7+ Kb6 48. d6 e3 49. Rc2 1-0

[Event "LYM - Open Maîtres"]
[Site "Lausanne - Musée Olympique"]
[Date "2001.05.25"]
[Round "7"]
[White "Hebden, Mark"]
[Black "Fish, Gannadij"]
[Result "1-0"]
[WhiteElo "2560"]
[BlackElo "2497"]
[PlyCount "103"]
[EventDate "2001.??.??"]

1. d4 Nf6 2. Nf3 e6 3. c3 b6 4. Bg5 Bb7 5. Nbd2 Be7 6. h4 c5 7. h5 h6 8. Bf4 d6
9. e3 Nbd7 10. Bd3 cxd4 11. exd4 e5 12. dxe5 dxe5 13. Bxe5 Nxe5 14. Nxe5 O-O
15. Qe2 Bd6 16. Ndc4 Bxe5 17. Nxe5 Qd5 18. O-O-O Qxa2 19. f3 Rac8 20. Bc4 Qa4
21. Rh4 Ba6 22. Rhd4 Bxc4 23. Nxc4 Qa2 24. Qd3 Nd7 25. Rxd7 Rxc4 26. g4 Rc5 27.
Rd8 Rxd8 28. Qxd8+ Kh7 29. Qd3+ Kg8 30. Qe4 Rc8 31. f4 Qe6 32. Qxe6 fxe6 33. g5
e5 34. fxe5 hxg5 35. Rg1 Rc5 36. Rxg5 Kf7 37. Kc2 Ke6 38. Rxg7 Rxe5 39. Rxa7
Kd5 40. h6 Rh5 41. h7 b5 42. Rg7 Rh2+ 43. Kd3 Rh3+ 44. Ke2 Kc4 45. Rb7 Kc5 46.
Kf2 Kc6 47. Kg2 Rh6 48. Rg7 Kd6 49. Kg3 Rh1 50. Kf4 Ke6 51. Rb7 Rh4+ 52. Kg5
1-0

[Event "LYM - Open Maîtres"]
[Site "Lausanne - Musée Olympique"]
[Date "2001.05.25"]
[Round "7"]
[White "De la Villa Garcia, Jesus"]
[Black "Bauer, Christian"]
[Result "1/2-1/2"]
[WhiteElo "2466"]
[BlackElo "2612"]
[PlyCount "93"]
[EventDate "2001.??.??"]

1. e4 c5 2. Nf3 d6 3. d4 cxd4 4. Nxd4 Nf6 5. Nc3 e6 6. Be3 Be7 7. f3 O-O 8. Qd2
Nc6 9. O-O-O a6 10. g4 Nxd4 11. Qxd4 b5 12. g5 Nd7 13. h4 Qa5 14. Kb1 Bb7 15.
h5 b4 16. Ne2 Bxg5 17. Bxg5 Qxg5 18. h6 Rfd8 19. hxg7 Qf6 20. Qe3 Ne5 21. Nd4
Ng6 22. Bd3 Qf4 23. Qf2 d5 24. e5 Qxe5 25. Rdg1 Qxg7 26. f4 Bc8 27. f5 exf5 28.
Bxf5 Rd6 29. Qe3 Rf6 30. Qh3 Be6 31. Nxe6 fxe6 32. Bxe6+ Kh8 33. Bxd5 Re8 34.
Bc4 a5 35. b3 Re7 36. Qc8+ Rf8 37. Qa6 Rf6 38. Rxh7+ Kxh7 39. Rh1+ Nh4 
40. Rxh4+ Kg6 41. Rg4+ Kh6 42. Rxg7 Re1+ 43. Kb2 Rxa6 44. Rb7 Rd6 45. a3
bxa3+ 46. Kxa3 Ra1+ 47. Kb2 1/2-1/2

[Event "LYM - Open Maîtres"]
[Site "Lausanne - Musée Olympique"]
[Date "2001.05.26"]
[Round "8"]
[White "Prié, Eric"]
[Black "Kostur, Pavel"]
[Result "1/2-1/2"]
[WhiteElo "2500"]
[BlackElo "2576"]
[PlyCount "100"]
[EventDate "2001.??.??"]

1. d4 Nf6 2. Nf3 e6 3. Bg5 c5 4. c3 Qb6 5. Qb3 Qxb3 6. axb3 Nc6 7. e3 b6 8. Na3
d6 9. Bb5 Bd7 10. Nc4 Nd5 11. Ba6 f6 12. Bh4 Rb8 13. Bb5 a5 14. Bg3 e5 15. dxe5
Nxe5 16. Bxd7+ Kxd7 17. O-O-O Ke6 18. e4 Nc7 19. Nfxe5 fxe5 20. f4 exf4 21.
Bxf4 Ne8 22. Rd3 Be7 23. Rhd1 Rf8 24. Bg3 Bg5+ 25. Kb1 Bf4 26. Bxf4 Rxf4 27.
Nxd6 Nxd6 28. Rxd6+ Ke5 29. Rd7 Rg4 30. Re7+ Kf6 31. Rdd7 Rxg2 32. Rf7+ Ke5 33.
Rde7+ Kd6 34. h4 b5 35. Rxg7 Rxg7 36. Rxg7 Re8 37. Rxh7 Rxe4 38. h5 Re1+ 39.
Kc2 Re2+ 40. Kc1 a4 41. bxa4 bxa4 42. h6 Rh2 43. Ra7 Kd5 44. h7 Kc4 45. Kd1 a3
46. bxa3 Kxc3 47. Rb7 Kd3 48. Rd7+ Kc4 49. Rb7 Kd3 50. Rd7+ Kc4 1/2-1/2

[Event "LYM - Open Maîtres"]
[Site "Lausanne - Musée Olympique"]
[Date "2001.05.26"]
[Round "8"]
[White "Sokolov, Andrei"]
[Black "Cheparinov, Ivan"]
[Result "1/2-1/2"]
[WhiteElo "2568"]
[BlackElo "2447"]
[PlyCount "44"]
[EventDate "2001.??.??"]

1. e4 c5 2. Nf3 d6 3. d4 cxd4 4. Nxd4 Nf6 5. Nc3 a6 6. Be2 e6 7. f4 Qc7 8. O-O
Be7 9. Be3 b5 10. Bf3 Bb7 11. e5 dxe5 12. Bxb7 Qxb7 13. fxe5 Nfd7
14. Rxf7 Kxf7 15. Qg4 g6 16. Rf1+ Ke8 17. Nxe6 Nxe5 18. Qd4 Nbd7 19. Nd5 Rc8
20. Ng7+ Kd8 21. Ne6+ Ke8 22. Ng7+ Kd8 1/2-1/2

[Event "LYM - Open Maîtres"]
[Site "Lausanne - Musée Olympique"]
[Date "2001.05.26"]
[Round "8"]
[White "Gallagher, Joe"]
[Black "Shchekachev, Andrei"]
[Result "1-0"]
[WhiteElo "2524"]
[BlackElo "2543"]
[PlyCount "73"]
[EventDate "2001.??.??"]

1. e4 b6 2. d4 Bb7 3. Bd3 e6 4. Nf3 d6 5. c4 Nd7 6. Nc3 g6 7. h4 h6 8. Be3 Bg7
9. Qe2 Ngf6 10. O-O-O Ng4 11. Bd2 h5 12. Bg5 Qb8 13. Bc2 b5 14. Nxb5 O-O 15.
Ne1 c6 16. Nxd6 Qxd6 17. f3 Nh6 18. Qd2 Kh7 19. e5 Qc7 20. g4 c5 21. gxh5 cxd4
22. hxg6+ fxg6 23. h5 Nf5 24. hxg6+ Kxg6 25. Bh6 Bxe5 26. Qg5+ Kf7 27. Bxf5
exf5 28. Qxf5+ Bf6 29. Rxd4 Bc6 30. Bf4 Qb7 31. Bg5 Ke8 32. Qe6+ Kd8 33. Bxf6+
Kc8 34. Rh7 Rxf6 35. Qe8+ Kc7 36. Rdxd7+ Bxd7 37. Qxd7+ 1-0

[Event "LYM - Open Maîtres"]
[Site "Lausanne - Musée Olympique"]
[Date "2001.05.26"]
[Round "8"]
[White "Varga, Peter"]
[Black "Efimenko, Zahar"]
[Result "0-1"]
[WhiteElo "2478"]
[BlackElo "2439"]
[PlyCount "60"]
[EventDate "2001.??.??"]

1. d4 Nf6 2. c4 g6 3. Nc3 Bg7 4. e4 d6 5. h3 O-O 6. Bg5 Qe8 7. Be2 e5 8. d5 a5
9. g4 Na6 10. Nf3 Nc5 11. Nd2 Bd7 12. h4 c6 13. h5 cxd5 14. cxd5 b5 15. f3 gxh5
16. gxh5 Nxh5 17. Rxh5 f6 18. f4 fxg5 19. f5 b4 20. Ncb1 g4 21. Bxg4 Bb5 22.
Kf2 Nd3+ 23. Kg3 Nf4 24. Rh2 Bf6 25. Bh5 Qc8 26. a4 Bd3 27. Qg4+ Bg7 28. b3 
Qc1 29. Kf2 Qb2 30. Qh4 Rf6 0-1

[Event "LYM - Open Maîtres"]
[Site "Lausanne - Musée Olympique"]
[Date "2001.05.26"]
[Round "8"]
[White "Bauer, Christian"]
[Black "Loeffler, Stefan"]
[Result "1-0"]
[WhiteElo "2612"]
[BlackElo "2410"]
[PlyCount "99"]
[EventDate "2001.??.??"]

1. e4 Nf6 2. e5 Nd5 3. d4 d6 4. Nf3 dxe5 5. Nxe5 c6 6. c4 Nb4 7. Be3 Bf5 8. Nd3
e5 9. Nxb4 Bxb4+ 10. Nc3 O-O 11. Be2 exd4 12. Qxd4 Na6 13. Qf4 Qf6 14. O-O Qg6
15. Rfd1 Nc5 16. Qg3 Qxg3 17. hxg3 Rfd8 18. Rxd8+ Rxd8 19. Rd1 Re8 20. g4 Be6
21. Rc1 a5 22. Kf1 Rd8 23. Rc2 Nd7 24. Ne4 h5 25. a3 Be7 26. gxh5 Bf5 27. Bd3
Bh7 28. Rc3 Ne5 29. Bc2 a4 30. Bb6 Re8 31. f3 f5 32. Ng3 Bh4 33. Ne2 Nd7 34.
Bf2 Bf6 35. Rd3 Re7 36. Bd4 Ne5 37. Rc3 b5 38. cxb5 cxb5 39. Rc8+ Kf7 40. Rh8
Bg8 41. Bxf5 g6 42. hxg6+ Kg7 43. Rh5 Nc4 44. Bxf6+ Kxf6 45. Bd3 Re3 46. Nf4 b4
47. Kf2 Re8 48. Rf5+ Kg7 49. Nh5+ Kxg6 50. Rc5+ 1-0

[Event "LYM - Open Maîtres"]
[Site "Lausanne - Musée Olympique"]
[Date "2001.05.26"]
[Round "8"]
[White "Epishin, Vladimir"]
[Black "De la Villa Garcia, Jesus"]
[Result "1-0"]
[WhiteElo "2579"]
[BlackElo "2466"]
[PlyCount "71"]
[EventDate "2001.??.??"]

1. d4 g6 2. c4 Bg7 3. e4 Nc6 4. Nf3 d6 5. Be2 Bg4 6. Be3 e5 7. d5 Bxf3 8. Bxf3
Nd4 9. Bxd4 exd4 10. Nd2 Ne7 11. Be2 O-O 12. O-O c5 13. g3 Nc8 14. h4 Nb6 15.
h5 Nd7 16. hxg6 hxg6 17. Kg2 Re8 18. Rh1 Rb8 19. f4 a6 20. a4 d3 21. Bxd3 Bxb2
22. Ra2 Bf6 23. e5 dxe5 24. f5 g5 25. Ne4 Bg7 26. f6 Nxf6 27. Rf2 b5 28. Nxf6+
Bxf6 29. Rh7 e4 30. Qh5 Rb7 31. Be2 bxc4 32. d6 Qxd6 33. Bxc4 Re6 34. Rxf6 Rb2+
35. Kh3 g4+ 36. Qxg4+ 1-0

[Event "LYM - Open Maîtres"]
[Site "Lausanne - Musée Olympique"]
[Date "2001.05.26"]
[Round "8"]
[White "Gaprindashivili, Valeriane"]
[Black "Cornette, Matthieu"]
[Result "1-0"]
[WhiteElo "2486"]
[BlackElo "2228"]
[PlyCount "41"]
[EventDate "2001.??.??"]

1. d4 d5 2. c4 c6 3. Nf3 Nf6 4. e3 a6 5. a4 Bf5 6. Nc3 e6 7. Nh4 Bg4 8. Qb3 Qc7
9. h3 Bh5 10. g4 Bg6 11. Nxg6 hxg6 12. Bg2 Nbd7 13. Bd2 Rd8 14. Bf3 dxc4 15.
Qxc4 a5 16. Ne2 Nd5 17. e4 Nb4 18. Be3 Nd3+ 19. Kf1 Nxb2 20. Qc2 Qb6 21. Ra2
1-0